| 000 | 00639nam a22002177a 4500 | ||
|---|---|---|---|
| 003 | DO-SdBNP | ||
| 005 | 20171129092616.0 | ||
| 008 | 171116b 1987 nyu ||||| |||| 00| 0 spa d | ||
| 020 | _a047185297X | ||
| 040 |
_aBPMSU _bspa _cBPMSU |
||
| 092 |
_axxxx _bxxxx |
||
| 100 | 1 | _aMoché, Dinah L. | |
| 245 |
_aAstronomy / _cDinah L. Moché ; star maps by George Lovi. |
||
| 250 | _a3rd ed. | ||
| 260 |
_aNew York : _bJohn Wiley & Sons, _c1987 |
||
| 300 |
_axi, 290 p. : _bil. ; _c26 cm |
||
| 700 | 1 | _aLovi, George | |
| 942 |
_2ddc _cBK |
||
| 945 | _aInventariado extranjero / 2017 BT | ||
| 956 |
_aLOPEREZ _b10 _c20171116 _h0041 _iBPMSU |
||
| 999 |
_c12923 _d12923 |
||